| LEADER |
00833nam0a2200229 450 |
| 001 |
16818870 |
| 010 |
|
|
|a 2-8001-0510-0
|b Rel.
|d 10,6
|
| 100 |
|
|
|a 19780412d1977 u u0frey01 ba
|
| 101 |
0 |
|
|a fre
|
| 102 |
|
|
|a FR
|
| 200 |
0 |
|
|a Soupe aux Schtroumpfs... (La)
|f Peyo
|g scénario de Peyo et Y. Delporte...
|
| 207 |
|
1 |
|a
|
| 210 |
|
|
|a Paris
|b 57, bd de La Villette
|c Dupuis
|d 1977
|
| 215 |
|
|
|a 47 p.
|c Ill. en coul., couv. ill. en coul.
|d 30 cm
|
| 225 |
1 |
|
|v 10
|
| 330 |
|
|
|a Disponible en état d'usage à 14.90 euros.
|
| 461 |
|
0 |
|t Schtroumpfs
|v 10
|
| 700 |
|
0 |
|a Peyo
|f 1928-1992
|4 440
|
| 702 |
|
0 |
|a Delporte
|b Yvan
|f 1928-....
|4 205
|
| 900 |
|
|
|a Bande Dessinée enfant ado
|
| 901 |
|
|
|a Réserve
|
| 995 |
|
|
|a Bibliothèque
|c Bibliothèque
|f 024014928
|h 024014928
|k BD PEY
|o p
|q j
|r az
|u Vérifier la présence de la pastille sur la cote
|e Bibliothèque
|